<?xml version="1.0" encoding="UTF-8"?>
<collection xmlns="http://www.loc.gov/MARC21/slim">
 <record>
  <leader>01483nam a2200217Ia 4500</leader>
  <controlfield tag="001">CTU_100595</controlfield>
  <controlfield tag="008">210402s9999    xx            000 0 und d</controlfield>
  <datafield tag="020" ind1=" " ind2=" ">
   <subfield code="c">180000</subfield>
  </datafield>
  <datafield tag="082" ind1=" " ind2=" ">
   <subfield code="a">346.07</subfield>
  </datafield>
  <datafield tag="082" ind1=" " ind2=" ">
   <subfield code="b">S933</subfield>
  </datafield>
  <datafield tag="245" ind1=" " ind2="0">
   <subfield code="a">Student study guide for use with business law :</subfield>
  </datafield>
  <datafield tag="245" ind1=" " ind2="4">
   <subfield code="b">the ethical, global, and e-commerce environment</subfield>
  </datafield>
  <datafield tag="245" ind1=" " ind2="0">
   <subfield code="c">Jane P. Mallor ... [ et al. ]</subfield>
  </datafield>
  <datafield tag="260" ind1=" " ind2=" ">
   <subfield code="a">New York</subfield>
  </datafield>
  <datafield tag="260" ind1=" " ind2=" ">
   <subfield code="b">McGraw Hill</subfield>
  </datafield>
  <datafield tag="260" ind1=" " ind2=" ">
   <subfield code="c">2004</subfield>
  </datafield>
  <datafield tag="520" ind1=" " ind2=" ">
   <subfield code="a">Mallor, Barnes, Bowers and Langvardt's, Business Law: The Ethical, Global, and E-Commerce Environment, 12th Edition, is appropriate for the two-term business law course. The cases in the 12th edition are excerpted and edited by the authors. The syntax is not altered, therefore retaining the language of the courts. As in the 11th edition, the 12th edition includes a mix of actual AND hypothetical cases. The title has been changed to reflect a new focus of the book – the global and Internet environment. Business Law: The Ethical, Global, and E-Commerce Environment, 12e includes new pedagogy such as opening vignettes and new-boxed features such as Ethics in Action and Cyberlaw in Action. This combined with case briefs and concept reviews, along with some reorganization of the text results in a more complete, relevant and user-friendly text.</subfield>
  </datafield>
  <datafield tag="650" ind1=" " ind2=" ">
   <subfield code="a">Commercial law</subfield>
  </datafield>
  <datafield tag="904" ind1=" " ind2=" ">
   <subfield code="i">Vương</subfield>
  </datafield>
  <datafield tag="910" ind1=" " ind2=" ">
   <subfield code="a">Sách kèm theo sách số AV.002072</subfield>
  </datafield>
  <datafield tag="980" ind1=" " ind2=" ">
   <subfield code="a">Trung tâm Học liệu Trường Đại học Cần Thơ</subfield>
  </datafield>
 </record>
</collection>
